|
|
|
|
| LEADER |
00000nam0a2200000 4500 |
| 001 |
275525 |
| 005 |
20231101234831.0 |
| 020 |
|
|
|a RU
|b 85-28267
|
| 035 |
|
|
|a (RuTPU)RU\TPU\book\298768
|
| 090 |
|
|
|a 275525
|
| 100 |
|
|
|a 20141114d1985 k y0rusy5003 ca
|
| 101 |
0 |
|
|a rus
|
| 102 |
|
|
|a RU
|
| 105 |
|
|
|a a z 000zy
|
| 200 |
1 |
|
|a Математическое моделирование радиотехнических систем и устройств
|f Ю. П. Борисов, В. В. Цветнов
|
| 210 |
|
|
|a Москва
|c Радио и связь
|d 1985
|
| 215 |
|
|
|a 177 с.
|c ил.
|
| 225 |
1 |
|
|a Библиотека радиоинженера "Современная радиоэлектроника"
|v Вып. 19
|
| 606 |
1 |
|
|a Радиотехнические системы
|x математическое моделирование
|2 stltpush
|3 (RuTPU)RU\TPU\subj\23233
|9 47864
|
| 610 |
1 |
|
|a радиотехнические устройства
|
| 610 |
1 |
|
|a математические модели
|
| 610 |
1 |
|
|a построение
|
| 610 |
1 |
|
|a метод комплексных огибающих
|
| 610 |
1 |
|
|a метод статистических эквивалентов
|
| 610 |
1 |
|
|a метод информационного параметра
|
| 675 |
|
|
|a 621.37-027.21
|v 4
|
| 700 |
|
1 |
|a Борисов
|b Ю. П.
|g Юрий Петрович
|
| 701 |
|
1 |
|a Цветнов
|b В. В.
|g Валерий Всеволодович
|
| 801 |
|
0 |
|a RU
|b RuMRKP
|c 19950704
|g psbo
|
| 801 |
|
1 |
|a RU
|b 63413507
|c 20141114
|
| 801 |
|
2 |
|a RU
|b 63413507
|c 20220517
|g RCR
|
| 942 |
|
|
|c BK
|